| 000 | 01160 a2200385 4500 | ||
|---|---|---|---|
| 005 | 20260115160042.0 | ||
| 008 | 260115b |||||||| |||| 00| 0 eng d | ||
| 022 | _a21582750 | ||
| 022 | _a 21582742 | ||
| 041 | _aEn | ||
| 044 | _aCIV | ||
| 090 | _bDG/A/1670 | ||
| 100 | _aESSIS, Brice Sidoine | ||
| 100 | _aDIBI, Konan Evrard Brice | ||
| 100 | _a ADOU, Emmanuel Ehounou | ||
| 100 | _aHALA, Kinampinan Adelphe | ||
| 100 | _a KOUASSI, Thiegba Kouame, | ||
| 100 | _a KOUAKOU, Amani Michel | ||
| 100 | _aODJE, Sika Madeleine | ||
| 110 | _aCentre National de Recherche Agronomique | ||
| 110 | _bCote d'Ivoire | ||
| 245 | _aQuantitative and health evolution of national yam genetic resources under Ex situ conservation in Cote d'Ivoire | ||
| 260 | _aAmerican Journal of Plant Sciences | ||
| 260 | _bCNRA | ||
| 260 | _cOct 2025 | ||
| 302 | _a p.1121-1132 | ||
| 388 | _a2026-01-15 | ||
| 650 |
_2AGROVOC _gDioscorea |
||
| 650 | _gRessources genetiques | ||
| 650 | _gAccession | ||
| 650 | _g Sante | ||
| 650 | _gConservation | ||
| 650 | _gEx situ | ||
| 856 | _uhttps://ftech.byethost7.com/wp-content/uploads/2026/01/DGA1670.pdf | ||
| 999 |
_c6004 _d6004 |
||